Programming languages: principles and practice
Guardat en:
| Autors principals: | , |
|---|---|
| Format: | Llibre |
| Idioma: | anglès |
| Publicat: |
Nueva Delhi
Cengage Learning India Private Limited
2012
|
| Edició: | 3a. ed |
| Matèries: | |
| Etiquetes: |
Afegir etiqueta
Sense etiquetes, Sigues el primer a etiquetar aquest registre!
|
MARC
| LEADER | 00000cam a2200000 a 4500 | ||
|---|---|---|---|
| 001 | UCC5667 | ||
| 003 | CL-VaPUC | ||
| 008 | 181021e20120000ii |||||||||||||||||eng|d | ||
| 020 | |a 9788131516683 | ||
| 082 | 0 | 4 | |a 005.13 |b LOU |2 21 |
| 100 | |a Louden, Kenneth C. |e autor |9 600003 | ||
| 700 | 0 | |a Lambert, Kenneth A |e author |9 600004 | |
| 245 | 1 | 0 | |a Programming languages: principles and practice |
| 250 | |a 3a. ed | ||
| 300 | |a 662 p | ||
| 942 | |c BK | ||
| 945 | |d 20181021 19:29:00 |a dcastane | ||
| 260 | |a Nueva Delhi |b Cengage Learning India Private Limited |c 2012 | ||
| 650 | 0 | |a Lenguajes de programación |9 259458 | |
| 650 | 0 | |a Programación de computadores |9 259531 | |
| 650 | 0 | |a Aplicaciones de computadores |9 260401 | |
| 583 | |a last modification |c 20181021 19:29:00 |k Rodrigo Vera | ||
| 999 | |c 372808 |d 372806 | ||
| 952 | |0 0 |1 0 |3 erb |4 0 |6 005_130000000000000_LOU_2012 |7 0 |8 A |9 490653 |a BIBGIM |b BIBGIM |i 5508908 |o 005.13 LOU 2012 |p 5508908 |r 2025-01-15 |w 2019-11-24 |y BK |z Catalogado en:20181021 |k EST | ||
| 952 | |0 0 |1 0 |3 erb |4 0 |6 005_130000000000000_LOU_2012 |7 0 |8 A |9 490654 |a BIBGIM |b BIBGIM |i 5508916 |o 005.13 LOU 2012 |p 5508916 |r 2025-01-15 |w 2019-11-24 |y BK |z Catalogado en:20181021 |k EST | ||
| 952 | |0 0 |1 0 |3 erb |4 0 |6 005_130000000000000_LOU_2012 |7 0 |8 A |9 490655 |a BIBGIM |b BIBGIM |i 5508924 |o 005.13 LOU 2012 |p 5508924 |r 2025-01-15 |w 2019-11-24 |y BK |z Catalogado en:20181021 |k EST | ||
| 952 | |0 0 |1 0 |3 erb |4 0 |6 005_130000000000000_LOU_2012 |7 0 |8 A |9 490656 |a BIBGIM |b BIBGIM |i 5508932 |o 005.13 LOU 2012 |p 5508932 |r 2025-01-15 |w 2019-11-24 |y BK |z Catalogado en:20181021 |k EST | ||